Central Library OPAC University of Rajshahi

Industrial marketing / (Record no. 76064)

MARC details
000 -LEADER
fixed length control field 01027nam a2200325Ka 4500
001 - CONTROL NUMBER
control field 76064
003 - CONTROL NUMBER IDENTIFIER
rucl marc code BD-RjUL
005 - DATE AND TIME OF LATEST TRANSACTION
control field 20211209082801.0
008 - FIXED-LENGTH DATA ELEMENTS--GENERAL INFORMATION
fixed length control field 000424s1967 mau b 001 0 eng d
035 ## - SYSTEM CONTROL NUMBER
System control number MITb10931031
System control number (BD-RjUL)76284
040 ## - CATALOGING SOURCE
Original cataloging agency MYG
Transcribing agency MYG
Language of cataloging eng
041 ## - LANGUAGE CODE
Language code of text/sound track or separate title eng
049 ## - LOCAL HOLDINGS (OCLC)
Holding library MYGG
082 ## - DEWEY DECIMAL CLASSIFICATION NUMBER
Edition number 23
Classification number 658.8
Author mark and year ALI 1967
100 1# - MAIN ENTRY--PERSONAL NAME
Personal name Alexander, Ralph S.
Fuller form of name (Ralph Samuel),
Dates associated with a name 1893-1985.
9 (RLIN) 233874
245 10 - TITLE STATEMENT
Title Industrial marketing /
Statement of responsibility, etc. by Ralph S. Alexander,James S. Cross and Richard M. Hill
250 ## - EDITION STATEMENT
Edition statement 3rd. ed.
260 ## - PUBLICATION, DISTRIBUTION, ETC. (IMPRINT)
Place of publication, distribution, etc. Boston :
Name of publisher, distributor, etc. Richard D. Irwin.,
Date of publication, distribution, etc. c1967.
300 ## - PHYSICAL DESCRIPTION
Pagination xi , 698 p. :
Illustrations ill. ;
Size 23
504 ## - BIBLIOGRAPHY, ETC. NOTE
Bibliography, etc Includes bibliographical referencesand index.
650 #0 - SUBJECT ADDED ENTRY--TOPICAL TERM
Topical term or geographic name as entry element Industrial marketing
Form subdivision Management.
9 (RLIN) 233875
Topical term or geographic name as entry element Marketing
Form subdivision Management.
9 (RLIN) 233876
700 1# - ADDED ENTRY--PERSONAL NAME
Personal name Cross, James S.
Fuller form of name (Frank Macy),
Dates associated with a name 1882-1965.
Personal name Hill, Richard M.
910 ## - USER-OPTION DATA (OCLC)
User-option data OCLCTechPro DDC Recon
942 ## - ADDED ENTRY ELEMENTS (KOHA)
Source of classification or shelving scheme Dewey Decimal Classification
Koha item type Books
946 ## - LOCAL PROCESSING INFORMATION (OCLC)
a t
949 ## - LOCAL PROCESSING INFORMATION (OCLC)
a c
p 39080021972705
Holdings
Lost status Source of classification or shelving scheme Damaged status Not for loan Collection code Permanent Location Current Location Shelving location Date acquired Source of acquisition Cost, normal purchase price Total Checkouts Full call number Date last seen Copy number Koha item type
  Dewey Decimal Classification     Non-fiction Central Library, University of Rajshahi Central Library, University of Rajshahi   30/03/1970 zeitlinger 92.00   658.8 ALI 1967 17/10/2019 C-1 Books
  Dewey Decimal Classification     Non-fiction Central Library, University of Rajshahi Central Library, University of Rajshahi   30/03/1970 zeitlinger 92.00   658.8 ALI 1967 17/10/2019 C-2 Books
  Dewey Decimal Classification     Non-fiction Central Library, University of Rajshahi Central Library, University of Rajshahi   30/03/1970 Sweets & Zeitlinger 92.00   658.8 ALI 1967 17/10/2019 C-3 Books
  Dewey Decimal Classification     Non-fiction Central Library, University of Rajshahi Central Library, University of Rajshahi   30/03/1970 zeitlinger 92.00   658.8 ALI 1967 17/10/2019 C-4 Books
  Dewey Decimal Classification     Non-fiction Central Library, University of Rajshahi Central Library, University of Rajshahi   30/03/1970 zeitlinger 92.00   658.8 ALI 1967 17/10/2019 C-5 Books
  Dewey Decimal Classification     Non-fiction Central Library, University of Rajshahi Central Library, University of Rajshahi   11/10/1973 U.S.Govt.     658.8 ALI 1971 17/10/2019 C-6 Books